| 000 | 03447cgm a2200649Ka 4500 | ||
|---|---|---|---|
| 003 | OCoLC | ||
| 005 | 20241220114823.0 | ||
| 007 | vd cvaizq | ||
| 008 | 060111s2005 cau087 vleng d | ||
| 001 | ocm62876857 | ||
| 024 | 1 | _a024543219699 | |
| 028 | 4 | 2 |
_a2231969 _b20th Century Fox Home Entertainment |
| 035 | _a(Sirsi) o62876857 | ||
| 037 |
_bMidwest Tapes _nhttp://www.midwesttapes.com |
||
| 040 |
_aUPZ _cUPZ _dUINTA |
||
| 041 | 1 |
_aeng _afre _aspa _beng _bspa _heng |
|
| 049 | _aUCLB | ||
| 082 | 0 | 4 |
_a791.43/72 _222 |
| 092 | _a791.437 TRA | ||
| 245 | 0 | 0 |
_aTransporter 2 _h[videorecording] / _cTwentieth Century Fox presents a Europacorp production in coproduction with TF1 Films production ; in association with Current Entertainment and Canal+ and TPS Star ; produced by Luc Besson and Steven Chasman ; written by Luc Besson & Robert Mark Kamen ; directed by Louis Leterrier. |
| 246 | 3 | _aTransporter two | |
| 260 |
_aBeverly Hills, CA : _b20th Century Fox Home Entertainment, _c2005. |
||
| 300 |
_a1 videodisc (ca. 87 min.) : _bsd., col. ; _c4 3/4 in. |
||
| 500 | _aOriginally released as a motion picture in 2005. | ||
| 500 | _aBased on characters created by Luc Besson & Robert Mark Kamen. | ||
| 500 | _aSpecial features: deleted and extended scenes, "Making of Transporter 2" featurette, "Making of the music" featurette. | ||
| 508 | _aDirector of photography, Mitchell Amundsen ; editors, Christine Lucas-Navarro, Vincent Taballon ; original music score, Alexandre Azaria ; production designer, Hugues John Mark Harrington ; martial arts choreographer, Cory Yuen. | ||
| 511 | 1 | _aJason Statham, Alessandro Gassman, Amber Valletta, Kate Nauta. | |
| 520 | _aWhen ex-Special Forces operative Frank Martin aka "The Transporter" is implicated in the kidnapping by Columbian drug dealers of the son of a government narcotics control policymaker, he sets to work recovering the boy and exposing the kidnappers. | ||
| 521 | 8 | _aMPAA rating: PG-13; for intense sequences of violent action, sexual content, partial nudity and brief language. | |
| 538 | _aDVD, region 1, anamorphic widescreen (2.35:1) and full screen (1.33:1) presentations; Dolby Digital 5.1 surround and Dolby surround, double sided single layer. | ||
| 546 | _aEnglish, dubbed French or dubbed Spanish dialogue, English or Spanish subtitles; closed-captioned. | ||
| 650 | 0 |
_aKidnapping _vDrama. _95692899 |
|
| 650 | 0 |
_aDrug dealers _zSouth Carolina _zColumbia _vDrama. _96505311 |
|
| 650 | 7 |
_aSecuestro _vTeatro. _2bidex _95762740 |
|
| 650 | 7 |
_aTraficantes de drogas _vTeatro. _2bidex _96505312 |
|
| 655 | 0 |
_aFeature films. _96157646 |
|
| 655 | 7 |
_aThrillers (Motion pictures, television, etc) _2local _95692404 |
|
| 655 | 0 |
_aVideo recordings for the hearing impaired. _96157647 |
|
| 655 | 7 |
_aVideo recordings. _2local _96157648 |
|
| 655 | 7 |
_aDVD-Video discs. _2local _95673658 |
|
| 700 | 1 |
_aBesson, Luc. _975494 |
|
| 700 | 1 |
_aChasman, Steven. _96157649 |
|
| 700 | 1 |
_aKamen, Robert Mark. _921859 |
|
| 700 | 1 |
_aLeterrier, Louis, _d1973- _971963 |
|
| 700 | 1 |
_aYuen, Cory. _969674 |
|
| 700 | 1 |
_aStatham, Jason, _d1972- _968540 |
|
| 700 | 1 |
_aGassman, Alessandro, _d1965- _975254 |
|
| 700 | 1 |
_aValletta, Amber, _d1974- _972075 |
|
| 700 | 1 |
_aNauta, Kate. _974458 |
|
| 710 | 2 |
_aTwentieth Century Fox Home Entertainment, Inc. _961951 |
|
| 710 | 2 |
_aStudio Canal+. _96157650 |
|
| 942 |
_cDVD _0248 |
||
| 994 |
_aC0 _bUINTA |
||
| 979 | _a469802 | ||
| 998 | _aa82883 | ||
| 999 |
_c37190 _d37190 |
||